Obytný súbor Zelené Vlčince - Bytový dom 1,2 a 3

Salvato in:
Dettagli Bibliografici
Autore principale: Smuda, Samuel (Autore)
Altri autori: Petro, Marek (Relatore della tesi)
Natura: Manoscritto Libro
Lingua:slovacco
Pubblicazione: 2025
Soggetti:
Accesso online:http://is.stuba.sk/zp/portal_zp.pl?podrobnosti=184327
CRZP
Tags: Aggiungi Tag
Nessun Tag, puoi essere il primo ad aggiungerne!!

MARC

LEADER 00000ntm a22000003a 4500
001 stuzp105383
003 SK-STU
005 20250729113150.5
007 ta
008 150427s2015----xo-----f-mn---000-0-slo-d
040 |a STU  |b slo 
041 0 |a slo 
100 1 |a Smuda, Samuel  |u 010270  |k Z4  |4 aut  |U SvF Stavebná fakulta  |T SvF Katedra technológie stavieb  |X 109973  |U V270  |Y 28  |7 109973 
242 0 1 |a Zelené Vlčince residential complex - Apartment building 1,2 and 3  |y eng 
245 1 0 |a Obytný súbor Zelené Vlčince - Bytový dom 1,2 a 3 
260 |c 2025 
650 4 |a plasterboard partitions and shaft walls  |2 eng 
650 4 |a timetable  |2 eng 
650 4 |a finishing processes  |2 eng 
650 4 |a structural framework  |2 eng 
650 4 |a site equipment  |2 eng 
650 4 |a sadrokartónové priečky, predsadené a šachtové steny  |2 slo 
650 4 |a časový harmonogram  |2 slo 
650 4 |a dokončovacie procesy  |2 slo 
650 4 |a hrubá stavba  |2 slo 
650 4 |a zariadenie staveniska  |2 slo 
700 1 |a Petro, Marek  |u 010270  |k Z8  |4 ths  |U SvF Stavebná fakulta  |T SvF Katedra technológie stavieb  |X 18958  |U V270  |Y 28  |7 A000018958 
856 4 |u http://is.stuba.sk/zp/portal_zp.pl?podrobnosti=184327 
856 4 |u https://opac.crzp.sk/?fn=detailBiblioForm&sid=BBB70232DB8D19E5FF27B4DCF3EF  |z CRZP